000 00564nam a2200181Ia 4500
008 151202s9999||||xx |||||||||||||| ||und||
082 _bPNVM-62034
100 _aरघशेट्टी सुरेश.
245 _aझंझावात.
260 _bशांती पब्ेिकशन पुणे.
260 _c62034
300 _a160
600 _aरघशेट्टी सुरेश.
630 _aझंझावात.
700 _aरघशेट्टी सुरेश.
730 _aझंझावात.
942 _cBOOK
999 _c1328568
_d1328565